Dallas Cowboys: Pro Bowl Selections - Statistics

General Stats
  • This quiz has been taken 1,523 times
    49 since last reset
  • The average score is 42 of 113
Answer Stats
Position Amount of Selections Player % Correct
QB 4 Dak Prescott
100%
RB 8 Emmitt Smith
97%
QB 6 Roger Staubach
97%
QB 4 Tony Romo
97%
QB 6 Troy Aikman
97%
T 8 Tyron Smith
97%
WR 5 Michael Irvin
94%
T 3 Tyler Smith
94%
LB 1 Jaylon Smith
91%
G 9 Zack Martin
91%
WR 5 CeeDee Lamb
88%
WR 3 Drew Pearson
88%
WR 3 Dez Bryant
85%
DE 4 Harvey Martin
82%
TE 11 Jason Witten
82%
RB 3 Ezekiel Elliott
79%
LB 7 DeMarcus Ware
76%
DT 9 Randy White
76%
RB 4 Tony Dorsett
76%
DE 3 Too Tall Jones
76%
K 3 Brandon Aubrey
73%
QB 1 Danny White
73%
DE 4 Demarcus Lawrence
73%
WR 1 George Pickens
73%
LB 4 Micah Parsons
73%
CB 1 Byron Jones
70%
CB 4 Deion Sanders
70%
RB 2 DeMarco Murray
70%
G 10 Larry Allen
61%
DT 1 Quinnen Williams
61%
CB 5 Roy Williams
61%
RB 1 Tony Pollard
61%
CB 2 Trevon Diggs
61%
T 4 Erik Williams
58%
RB 2 Herschel Walker
58%
LB 1 Leighton Vander Esch
58%
LB 2 Sean Lee
58%
DT 11 Bob Lilly
55%
WR 2 Amari Cooper
52%
CB 1 DaRon Bland
52%
TE 2 Jake Ferguson
52%
WR 2 Miles Austin
52%
C 5 Travis Frederick
48%
RB 1 Marion Barber
45%
WR 1 Terrell Owens
45%
CB 5 Darren Woodson
42%
RB 2 Daryl Johnston
42%
DE 2 Charles Haley
36%
RB 4 Calvin Hill
33%
K 1 Dan Bailey
33%
TE 5 Jay Novacek
33%
CB 10 Mel Renfro
33%
WR 3 Tony Hill
33%
WR 3 Bob Hayes
30%
P 2 Bryan Anger
30%
QB 3 Don Meredith
27%
WR 2 KaVontae Turpin
27%
G 6 Nate Newton
24%
CB 2 Terence Newman
24%
CB 6 Cliff Harris
21%
QB 1 Eddie LeBaron
21%
CB 4 Everson Walls
21%
T 5 Flozell Adams
21%
TE 3 Billy Joe DuPree
18%
CB 3 Charlie Waters
18%
LB 6 Chuck Howley
18%
CB 5 Cornell Green
18%
FB 6 Don Perkins
18%
DE 1 Jason Hatcher
18%
LB 1 Ken Norton
18%
DT 2 Leon Lett
18%
LB 1 Thomas Henderson
18%
G 3 Herbert Scott
15%
T 6 Rayfield Wright
15%
DT 1 Russell Maryland
15%
G 5 Andre Gurode
12%
CB 1 Bill Bates
12%
DE 4 Jay Ratliff
12%
DT 4 La'Roi Glover
12%
C 3 Mark Stepnoski
12%
LB 3 Dexter Coakley
9%
RB 1 Don Bishop
9%
T 3 Leonard Davis
9%
K 1 Rafael Septien
9%
TE 3 Doug Cosbie
6%
DE 1 Greg Ellis
6%
LB 5 Lee Roy Jordan
6%
LS 1 L.P. Ladouceur
6%
T 2 Mark Tuinei
6%
K 1 Nick Folk
6%
T 4 Pat Donovan
6%
T 2 Ralph Neely
6%
CB 1 Thomas Everett
6%
RB 1 Walt Garrison
6%
DE 1 Anthony Spencer
3%
G 2 Blaine Nye
3%
LB 3 Bob Breunig
3%
C 1 Dave Manders
3%
DE 1 Dick Bielski
3%
K 1 Efren Herrera
3%
DE 5 George Andrie
3%
DE 1 Jim Doran
3%
LB 1 Jim Schwantz
3%
G 6 John Niland
3%
CB 1 Ken Hamlin
3%
TE 1 Lee Folkins
3%
P 2 Mat McBriar
3%
C 2 Ray Donaldson
3%
K 1 Sam Baker
3%
DE 1 Tony Tolbert
3%
LB 1 Jerry Tubbs
0%
CB 1 Mike Jenkins
0%
P 1 Ron Widby
0%
No matching quizzes found
Score Distribution
Percent of People with Each Score
Percentile by Number Answered
Your Score History
You have not taken this quiz since the last reset